000 00637nam a2200229 a 4500
999 _c5899
_d5899
001 5899
003 BD-JhCC
005 20171230173355.0
008 171014s1985 bg |||| |||| 00| 0 ben d
035 _a(BD-JhCC)5899
040 _aBD-JhCC
_dBD-JhCC
041 _aben
082 _a616.994
_bCHO 1985
100 _aচৌধুরী, শুভাগত
245 _aক্যান্সার /
_cশুভাগত চৌধুরী
260 _aঢাকা :
_bবাংলা একাডেমী,
_c1985.
300 _a110 p. :
_c18 cm.
650 _aCancer
650 _aTreatment
942 _2ddc
_cBK